| 000 | 00600nam a2200205 i 4500 | ||
|---|---|---|---|
| 001 | sa 66007885 | ||
| 003 | DLC | ||
| 005 | 20260227112308.0 | ||
| 008 | 811026s1966 ii 00011 hin | ||
| 010 | _asa 66007885 //r81 | ||
| 025 | _aPL480:I-H-3411 | ||
| 050 | 0 |
_aPK2098.A88 _bE45 |
|
| 100 | 1 | 0 |
_aAvasthi, Rajendra, _d1929- |
| 245 | 1 | 0 |
_aEka pyāsa pahelī : _b25 kahāniyām̐ / _cRājendra Avasthī. |
| 250 | _a[1. saṃskaraṇa]. | ||
| 260 | 0 |
_aVārāṇasī : _bHindī Pracāraka Pustakālaya, _c[19]66. |
|
| 300 |
_a29, 260 p. ; _c19 cm. |
||
| 500 | _aIn Hindi. | ||
| 500 | _aShort stories. | ||
| 999 |
_c71472 _d71472 |
||